000 010460000a22002530004500
003 EG-GICUC
005 20250223030136.0
008 091118s1970 ua f m 000 0 ara d
040 _aEG-GiCUC
_bara
_cEG-GiCUC
041 0 _aara
049 _aايداع
097 _aماجستير
099 _aCai01.02.06.M.A.1970.مح.م
100 0 _aمحمد على رزق الخفاجى
245 1 0 _aمفاهيم النقد والبلاغة عند الجاحظ فى البيان والتبيين والحيوان /
_cمحمد على رزق الخفاجى ؛ اشراف شكرى محمد عياد
260 _aالقاهرة :
_bمحمد على رزق الخفاجى :
_c1970
300 _a174ورقة ؛
_c30سم
502 _aاطروحة(ماجستير) - جامعة القاهرة - كلية الاداب - قسم اللغة العربية وادابها
700 0 _aشكرى محمد عياد :
_eمشرف
856 _uhttp://172.23.153.220/th.pdf
905 _aEnas
_eCataloger
905 _aMustafa
_eRevisor
942 _2ddc
_cTH
999 _c28459
_d28459